Capitales avec la lettre M - Statistiques

Statistiques générales
  • Ce quiz a été pris 337 fois
    279 depuis la dernière actualisation
  • Le résultat moyen est 39 sur 51
Statistiques - réponses
Hint Réponse % Correct
M Madrid
98%
M Manille
94%
M Montevideo
93%
M Moscou
93%
M Monaco
90%
MM Amsterdam
89%
M Minsk
89%
M Mexico
88%
MM Amman
87%
M Maputo
87%
M Stockholm
85%
M Malé
84%
M Mogadiscio
83%
M Lima
82%
M Rome
81%
M Saint-Marin
81%
M Luxembourg
80%
MM Manama
80%
M Damas
79%
M Mascate
79%
M Panama
79%
M Bamako
78%
M Jérusalem
78%
M Islamabad
76%
M Managua
76%
M Monrovia
76%
M Katmandou
75%
M Khartoum
75%
M Paramaribo
74%
M Port Moresby
74%
M Saint-Domingue
74%
M Malabo
73%
M Yamoussoukro
73%
M Kuala Lumpur
72%
M Lomé
72%
M Moroni
72%
M Dodoma
70%
M Guatemala
70%
M Sao Tomé
70%
M Phnom Penh
69%
M Mbabane
67%
M Niamey
67%
M Maseru
66%
M Asmara
65%
M Kampala
64%
M Belmopan
63%
M Thimphou
61%
M Majuro
58%
M Bloemfontein
56%
M N'djamena
56%
M Ngerulmud
39%
Aucun quiz correspondant
Distribution des résultats
% des personnes avec chaque résultat
Percentile par nombre de réponses
Votre historique - résultats
Vous n’avez pas pris ce quiz depuis la dernière actualisation